| 000 | 01095nam a22002177a 4500 | ||
|---|---|---|---|
| 999 |
_c55422 _d55422 |
||
| 008 | 200316b ||||| |||| 00| 0 eng d | ||
| 020 | _a 9781587433245 (pbk.) | ||
| 020 | _a1587433249 (pbk.) | ||
| 050 |
_aBV4501.3 _b.F67 2014 |
||
| 100 | _aFord, David, 1948- | ||
| 245 |
_aThe drama of living : _bbecoming wise in the spirit / _cDavid F. Ford |
||
| 246 | _aBecoming wise in the spirit | ||
| 260 |
_aGrand Rapids, Michigan : _bBrazos Press, a division of Baker Publishing Group, _c2014 |
||
| 300 |
_axviii, 216 pages : _bphotograph ; _c22 cm |
||
| 500 | _aIncludes bibliographical references and index | ||
| 505 | _a|tThe drama of living: public and ordinary --|tImprovising wisdom: within and between traditions --|tFace-to-face: the heart of life's drama --|tRereading and rehearsing: classic surprises --|tLoving: intimate, dramatic, ultimate --|tImprovised lives: timing, aging, dying --|tPlaying without end: wise in the spirit | ||
| 650 | _aChristian life | ||
| 650 | _aChristianity and culture | ||
| 650 |
_aChristianity _y21st century |
||
| 942 |
_2lcc _cBK |
||